Вып. 2 (37); Вопросы атомной науки и техники. Серия : Техника физического эксперимента

Détails bibliographiques
Parent link:Вопросы атомной науки и техники. Серия : Техника физического эксперимента: научно-технический сборник/ Академия наук Украинской ССР (АН УССР), Физико-технический институт (ФТИ). Вып. 2 (37).— , 1978-1980, 1982-1988.— 0207-0480
Langue:russe
Publié: 1988
Format: MixedMaterials Livre
KOHA link:https://koha.lib.tpu.ru/cgi-bin/koha/opac-detail.pl?biblionumber=517266

MARC

LEADER 00000nam2a2200000 4500
001 517266
005 20231101105632.0
035 |a (RuTPU)RU\TPU\prd\195348 
035 |a RU\TPU\prd\195347 
090 |a 517266 
100 |a 20130913c1988 k y0rusy50 ca 
101 0 |a rus 
102 |a RU 
200 0 |a Вып. 2 (37) 
210 |d 1988 
461 1 |0 (RuTPU)RU\TPU\prd\630  |x 0207-0480  |t Вопросы атомной науки и техники. Серия : Техника физического эксперимента  |o научно-технический сборник  |f Академия наук Украинской ССР (АН УССР), Физико-технический институт (ФТИ)  |v Вып. 2 (37)  |d 1978-1980, 1982-1988 
801 0 |a RU  |b 63413507  |c 20010227  |g PSBO 
801 1 |a RU  |b 63413507  |c 20121206 
801 2 |a RU  |b 63413507  |c 20130913  |g RCR 
942 |c BK 
999 |a НТБ_ТПУ  |b НФ  |e -4/20120110  |p П-5906  |u 0,00  |v 1